| 000 | 01084nam0a22002771 4500 | ||
|---|---|---|---|
| 001 | rc\4657145 | ||
| 005 | 20250611214732.0 | ||
| 021 |
_aRU _b68-23119 |
||
| 021 |
_aRU _bРг3303-68 |
||
| 035 | _a(NLR Aleph) 008414924 | ||
| 090 |
_a9320126 _c9320126 |
||
| 100 | _a20130416d1967 |||y0rusy50 ca | ||
| 101 | 0 | _arus | |
| 102 | _aRU | ||
| 105 | _ay z ||||| | ||
| 200 | 1 |
_aНаправления развития глубокой печати _fТезисы доклада канд. техн. наук О.И. Осиповой _gСессия науч.-техн. совета Ком. по печати при Совете Министров совместно с учен. советом ВНИИ полигр. пром-сти |
|
| 210 |
_aМосква _cБ. и. _d[1967] |
||
| 215 |
_a[1], 4 с. _d21 |
||
| 300 | _aОтпеч. множит. аппаратом | ||
| 700 | 1 |
_aСопова _bО.И. _gОльга Ивановна |
|
| 702 | 1 |
_aОсипова _bО.И. _4570 |
|
| 801 | 0 |
_aRU _bNLR _gpsbo |
|
| 801 | 1 |
_aRU _bELAR _2rusmarc |
|
| 852 |
_aNLR _j68-6/5093 |
||
| 942 | _cBOOK | ||
| 980 | _aNB | ||